000 00422nam a2200169Ia 4500
008 260407s2024 xx 000 0 und d
041 _aeng
082 _a617.7/BHI
_b11922
100 _aDR. S.B.BHISE
245 _aPATHOPHYSIOLOGY FOR PHARMACISTS
250 _a9TH
260 _aPUNE
_bNIRALI PRAKASHAN
_c2024
300 _a5.2p
650 _aPATHOPHYSIOLOGY
650 _aPHARMACOLOGY
700 _aMRS. M.S. BHISE
999 _c1219414
_d1219414